000 00598nam a22001937a 4500
005 20251108173158.0
008 250721s2005 xx 000 0 ara d
082 1 4 _a303.49/ زيد
100 1 _aأبو زيد، أحمد
245 1 0 _aالمعرفة و صناعة المستقبل /
264 1 _aالصفاة :
_bوزارة الإعلام - مجلة العربي،
_c2005.
300 _a208ص.
490 0 _aكتاب العربي
_v61
650 1 7 _aعلم الاجتماع
650 1 7 _aالتغير الاجتماعي
650 1 7 _aالمستقبل
942 _2ddc
_cBK
999 _c97879
_d97879